000 00333pam a2200145 a 4500
020 _c
041 _h
082 _a752
_bBOT
100 _aJ. Bottrell.
245 _aHow to paint on Glass
_bHow to paint on Glass
_hTextual Documents
250 _a1997.
260 _a[s.l]:
_bSearch Press
300 _a80:
_bpaper.
930 _a1727
999 _c235517
_d235517